| 000 | 01610nam a22004454c 4500 | ||
|---|---|---|---|
| 001 | 198513 | ||
| 003 | SpMaBN | ||
| 005 | 20260624203405.0 | ||
| 008 | 260623s2020 sp d | |||| 000 0 spa | ||
| 015 | _aMON19 | ||
| 017 |
_aB 26433-2019 _bOficina Depósito Legal Barcelona |
||
| 020 | _a9788449336492 | ||
| 035 | _a(OCoLC)1163885308 | ||
| 035 | _a(SpMaBN)a6690258 | ||
| 040 |
_aSpMaBN _bspa _cSpMaBN _erda |
||
| 080 | _a005.962.11 | ||
| 100 | 1 |
_aCirillo, Francesco _eautor _4aut _9243270 |
|
| 240 | 1 | 4 |
_aThe Pomodoro technique _lEspañol |
| 245 | 1 | 3 |
_aLa técnica Pomodoro : _bel famoso método para gestionar el tiempo que ha cambiado la vida a 2 millones de personas _cFrancesco Cirillo ; traducción de Montserrat Asensio |
| 250 | _a1a edición, enero de 2020 | ||
| 264 | 1 |
_aBarcelona, España _bPaidós, _c[2020] |
|
| 264 | 4 | _c©2020 | |
| 300 |
_a171 páginas _bgráficos (blanco y negro) _c24 cm |
||
| 336 |
_aTexto _2rdacontent |
||
| 337 |
_asin mediación _2rdamedia |
||
| 338 |
_avolumen _2rdacarrier |
||
| 490 | 0 | _aDivulgación | |
| 500 | _aRegistro Provisional. DJ-21. Depósito J | ||
| 504 | _aBibliografía: página 169 | ||
| 650 | 7 |
_aEmpleo del tiempo _2embne _912205 |
|
| 700 | 1 |
_aAsensio Fernández, Montserrat _etraductor _4trl _9243271 |
|
| 852 |
_aES-MaACL _cDEPOJ _jDJ-21 _hDonación: José Lázaro García _xEncuadernación rustica con solapas _zEn Proceso |
||
| 901 | _aBC-BNE | ||
| 901 | _aMON2006 | ||
| 942 |
_2udc _cMONOGRAFIA _n0 |
||
| 956 | _a2 | ||
| 999 |
_c198513 _d198513 |
||